| 000 | 00345nam a2200133 4500 | ||
|---|---|---|---|
| 001 | 144351 | ||
| 003 | ES-MaACL | ||
| 007 | t| | ||
| 008 | 070214q1954 sp r ||||1| spa d | ||
| 245 | 0 | 3 | _aUn siglo de poesía romántica. |
| 260 |
_aBarcelona : _bHymsa, _c[1954?] |
||
| 300 |
_a383 p. : _bil. ; _c14 cm. |
||
| 852 |
_aES-MaACL _jC-8072 _bR.35973 |
||
| 999 |
_c144351 _d144351 |
||